000 00847nam a22002897a 4500
003 CHAP
005 20220817041516.0
008 971013s1962 r 00010 d
010 _a16511
011 _a17483
035 _a21566
040 _cCHAP
082 _a330.19301
_bH68Y
100 0 0 _aHoselitz, Bert F.
_956404
245 _aAspectos sociológicos del desarrollo económico
260 _aBarcelona :
_bHispano Europea,
_c1962
300 _a235 p.
590 _aBATCH-UPD
_b10
_c20130110
_lUCH01
_h0947
590 _aBATCH-UPD
_b10
_c20130410
_lUCH01
_h0602
590 _aBATCH-UPD
_b10
_c20130914
_lUCH01
_h1148
590 _aCONVERSION
_b10
_c20130109
_lUCH01
_h1310
650 1 4 _aDesarrollo económico.
650 1 4 _aSociología.
_9108197
901 _aBK
942 _cLIBRO
949 _a330.19301 H68Y
_bBC
_cBPA
_d-50196
_eBPA
_i21566
_si
999 _c16511
_d16511